| 000 | 01090nas a2200313 4500 | ||
|---|---|---|---|
| 001 | BR2015002987 | ||
| 003 | BR-BrBNA | ||
| 005 | 20231205125408.0 | ||
| 007 | ta | ||
| 008 | 230509b bl.|||p| |||| 00| 00por d | ||
| 040 |
_aBR-BrBNA _bpor _cBiblioteca Nacional de Agricultura |
||
| 041 | _a(Pt) | ||
| 072 | _aN10 | ||
| 100 | 1 | _aFiorelli, J. | |
| 100 | 1 | _aFonseca, R. da | |
| 100 | 1 | _aMorceli, J.A.B. | |
| 100 | 1 | _aDias, A.A. | |
| 245 | 1 | _aInfluência de diferentes materiais de cobertura no conforto térmico de instalações para frangos de corte no oeste paulista | |
| 246 | 1 | _aInfluence of roof material on thermal comfort in broiler housings in the state of São Paulo | |
| 650 | _aFRANGO DE CORTE | ||
| 650 | _aINSTALACAO PARA ANIMAL | ||
| 650 | _aBEM-ESTAR | ||
| 650 | _aCONTROLE AMBIENTAL | ||
| 650 | _aTEMPERATURA | ||
| 773 | 0 |
_tEngenharia Agrícola (Brazil) _xISSN 1809-4430 _g(Sep-Oct 2010), v. 30(5) p. 986-992 _wBR2015002987 |
|
| 856 | 4 | 0 | _uhttp://www.scielo.br/pdf/eagri/v30n5/v30n5a20.pdf |
| 909 |
_a202311 _bLúcia _c55 _dLúcia Elande |
||
| 942 |
_2AGRIS _n0 _cANA |
||
| 999 |
_c244156 _d244156 |
||